| 000 | 00531nam a2200181Ia 4500 | ||
|---|---|---|---|
| 008 | 090630s9999 xx 000 0 und d | ||
| 082 | _b26673 | ||
| 100 | _aदेसाई रणजित. | ||
| 245 |
_aअभोगी. _cदेसाई रणजित. |
||
| 260 |
_bमेहता. _c2006 |
||
| 300 | _a244 | ||
| 600 | _aदेसाई रणजित. | ||
| 630 | _aअभोगी. | ||
| 655 | _aकादंबरी. | ||
| 700 | _aदेसाई रणजित. | ||
| 730 | _aअभोगी. | ||
| 942 | _cBOOK | ||
| 999 |
_c278529 _d278529 |
||